| 000 | 00817nam a2200241Ia 4500 | ||
|---|---|---|---|
| 003 | OSt | ||
| 005 | 20220923222611.0 | ||
| 006 | a|||||r|||| 00| 0 | ||
| 007 | ta | ||
| 008 | 220922b |||||||| |||| 00| 0 hin d | ||
| 024 | _a206,393 | ||
| 037 | _cTextual | ||
| 040 |
_aARTS _cARTS _bhin |
||
| 041 |
_2hin _ahin |
||
| 082 | _aO152,6xN1:g, L0 | ||
| 100 | _aगंगाबख्शसिंह | ||
| 245 | 0 | _aद्विवेदी-युगीन निबंध साहित्य | |
| 246 | _aDvivedī-yugīn nibandha sāhitya | ||
| 260 |
_aलखनऊ _b हिन्दी विभाग लखनऊ विश्वविधालय _c1970 |
||
| 300 |
_a164पृ. _ccm. |
||
| 942 |
_hO152,6xN1:g, L0 _cTEXL _2CC |
||
| 999 |
_c357035 _d357035 |
||